000 00582nam a2200169 a 4500
001 000030137
005 20200930060055.0
008 110503s2009 dr ac 000 0 spa d
040 _aDO-SdBNP
_bspa
_cBNPHU
082 _axxxx
_bS446
110 1 _aSecretaría de Estado de Hacienda .
_bCentro de Capacitación en Política y gestión Fiscal
_956849
245 1 0 _aInforme de gestión 2008 /
_credactores Félix de la Rosa ...[et al.].
260 _aSanto Domingo :
_bCAPGEFI,
_c2009.
300 _a55 P. :
_bil., retr. ;
_c28 cm.
700 1 _aRosa, Félix de la
_956850
049 _aBNPD
999 _c29629
_d29629